00000000cas 2200000zi 4500
0019.943080
003CaOODSP
00520260513073602
006m     o  d f      
007cr cn ||||||||
008240910c20259999oncmr p o    f0###b0fre|d
022 |a2818-6249
040 |aCaOODSP|bfre|erda|cCaOODSP
043 |an-cn-bc
0861 |aFs74-72F-PDF
222 0|aInstructions nautiques du Canada. PAC 203, Cape Caution à Stewart et Haida Gwaii
24500|aInstructions nautiques du Canada. |nPAC 203, |pCape Caution à Stewart et Haida Gwaii / |cService hydrographique du Canada.
24630|aCape Caution à Stewart et Haida Gwaii
264 1|aOttawa, Ontario, Canada : |bPêches et océans Canada = Fisheries and Oceans Canada, |c[2025]-
310 |aMensuel
336 |atexte|btxt|2rdacontent/fre
337 |ainformatique|bc|2rdamedia/fre
338 |aressource en ligne|bcr|2rdacarrier/fre
3621 |aParaît depuis : 2025/01.
500 |aPublié aussi en anglais sous le titre : Canadian sailing directions. PAC 203, Cape Caution to Stewart and Haida Gwaii.
588 |aDescription d'après : 2025/01; titre de la page couverture du fichier PDF.
588 |aDernière livraison consultée : 2025/01.
650 6|aNavigation|zColombie-Britannique|zHaida Gwaii|vPériodiques.
655 7|aPériodiques|2rvmgf
7102 |aService hydrographique du Canada, |eorganisme de publication.
7101 |aCanada. |bMinistère des pêches et des océans, |eorganisme de publication.
77508|tCanadian sailing directions. |w(CaOODSP)9.943081